Barcelona squad (24/25) - Statistics

General Stats
  • This quiz has been taken 40 times
  • The average score is 23 of 38
Answer Stats
Number Player % Correct
1 Marc-André ter Stegen
100%
19 Lamine Yamal
97%
9 Robert Lewandowski
97%
20 Dani Olmo
92%
21 Frenkie de Jong
92%
11 Raphinha
92%
2 Pau Cubarsi
89%
8 Pedri
89%
3 Alejandro Balde
86%
7 Ferran Torres
86%
6 Gavi
86%
5 Iñigo Martinez
86%
16 Fermin López
84%
13 Iñaki Peña
84%
10 Ansu Fati
81%
35 Gerard Martin
81%
23 Jules Koundé
81%
4 Ronald Araújo
81%
32 Hector Fort
76%
25 Wojchiech Szczesny
76%
15 Andreas Christensen
73%
24 Eric Garcia
73%
17 Marc Casadó
70%
14 Pablo Torre
68%
18 Pau Victor
59%
28 Marc Bernal
54%
36 Sergi Domínguez
35%
26 Ander Astralaga
27%
39 Andrés Cuenca
24%
46 Dani Rodríguez
22%
41 Guille Fernández
22%
42 Toni Fernández
22%
31 Diego Kochen
19%
34 Noah Darvich
14%
40 Áron Yaakobishvili
8%
38 Alexis Olmedo
5%
44 Landry Farré
5%
43 Álvaro Cortés
3%
No matching quizzes found
Score Distribution
Percent of People with Each Score
Percentile by Number Answered
Your Score History
You have not taken this quiz